000 00748nam a22002417a 4500
005 20170124110030.0
010 _aA-257576
020 _c00.00
_a0852265786
035 _aA-408601
037 _bCen Lib/Ret
040 _aDPL
_bEN
082 _a539.72
_bTEC
245 _aTechniques of radiation dosimetry /
_cedited by K. Mahesh [and] D. R. Vij
260 _aNew Delhi
_bWiley Eastern
_c1985
270 _bNew Delhi
_a4835/24, Ansari Road, Darya Ganj
_e110002
300 _axii,516p.:
_c22cm(Hb)
_bill.
500 _aIncludes index
650 _aRadiation physics
_921505
650 _aDosimetry--chemical methods
_921506
700 _aMahesh, K.
_921507
700 _aVij, D. R.
_921508
942 _2ddc
_cEN
_h539.72
_mTEC
999 _c127772
_d127772